EPDM membrane- A material for improved waterproofing system (Record no. 58702)

MARC details
000 -LEADER
fixed length control field 00420nam a2200133Ia 4500
100 ## - MAIN ENTRY--AUTHOR NAME
Personal name Banerjee B
245 #0 - TITLE STATEMENT
Title EPDM membrane- A material for improved waterproofing system
260 ## - PUBLICATION, DISTRIBUTION, ETC. (IMPRINT)
Name of publisher RUBCON 2002: Proceedings of the Indian Rubber Conference January 12-13. pp.76-80
650 ## - SUBJECT ADDED ENTRY--TOPICAL TERM
Topical Term Crack ruber
650 ## - SUBJECT ADDED ENTRY--TOPICAL TERM
Topical Term EPDM rubber
650 ## - SUBJECT ADDED ENTRY--TOPICAL TERM
Topical Term Waterproofing system
942 ## - ADDED ENTRY ELEMENTS (KOHA)
Koha item type Journals
Holdings
Withdrawn status Lost status Damaged status Not for loan Home library Current library Shelving location Date acquired Koha item type
      Journals RRII Library RRII Library Rubber chemistry 29/11/2002 Journals